Yahi Hai Sadgi/ (Record no. 751838)
[ view plain ]
| 000 -LEADER | |
|---|---|
| fixed length control field | 00387nam a22001337a 4500 |
| 020 ## - INTERNATIONAL STANDARD BOOK NUMBER | |
| ISBN | 9788196970499 |
| 082 ## - DEWEY DECIMAL CLASSIFICATION NUMBER | |
| Classification number | 861.62 NER/Y |
| 100 ## - MAIN ENTRY--AUTHOR NAME | |
| Personal name | Neruda, Pablo |
| 245 ## - TITLE STATEMENT | |
| Title | Yahi Hai Sadgi/ |
| Statement of responsibility, etc | by Pablo Neruda Hindi translation by Prabahati Nantiyal |
| 260 ## - PUBLICATION, DISTRIBUTION, ETC. (IMPRINT) | |
| Place of publication | . - New Delhi |
| Name of publisher | : Prakashan Samsthan |
| Year of publication | , 2024 |
| 300 ## - PHYSICAL DESCRIPTION | |
| Number of Pages | xii+120 pages |
| 942 ## - ADDED ENTRY ELEMENTS (KOHA) | |
| Source of classification or shelving scheme | Dewey Decimal Classification |
| Koha item type | Gift |
| Withdrawn status | Lost status | Source of classification or shelving scheme | Damaged status | Not for loan | Home Library | Current Location | Date acquired | Full call number | Accession Number | Price effective from | Koha item type |
|---|---|---|---|---|---|---|---|---|---|---|---|
| Dewey Decimal Classification | Dept. of Political Science | Dept. of Political Science | 27/03/2025 | 861.62 NER/Y | POL23802 | 29/09/2025 | Gift |
